| 000 | 01444cam a22003974a 4500 | ||
|---|---|---|---|
| 001 | 15947326 | ||
| 003 | OSt | ||
| 005 | 20140310182441.0 | ||
| 008 | 091015s2011 moua b 001 0 eng | ||
| 010 | _a 2009043328 | ||
| 016 | 7 |
_a101517415 _2DNLM |
|
| 020 | _a9780323066112 (pbk. : alk. paper) | ||
| 020 | _a0323066119 (pbk. : alk. paper) | ||
| 035 | _a(OCoLC)ocn458577807 | ||
| 040 |
_aDNLM/DLC _cDLC _dYDX _dNLM _dYDXCP _dBWX _dDLC |
||
| 042 | _apcc | ||
| 050 | 0 | 0 |
_aRC 78.3 _b.Sh54 2011 |
| 100 | 1 |
_aMary Alice Statkiewicz Sherer, _d1945- _97906 |
|
| 245 | 1 | 0 |
_aRadiation protection in medical radiography / _cMary Alice Statkiewicz Sherer, Paula J. Visconti, E. Russell Ritenour. |
| 250 | _a6th ed. | ||
| 260 |
_aMaryland Heights, MO : _bMosby Elsevier, _cc2011. |
||
| 300 |
_a371 p. : _bill. (some col.) ; _c24 cm. |
||
| 500 | _aIncludes index. | ||
| 650 | 0 |
_aRadiography, Medical _xSafety measures. _97907 |
|
| 650 | 1 | 2 |
_aRadiography _xadverse effects. _97908 |
| 650 | 2 | 2 |
_aRadiation Protection _xmethods. _97909 |
| 700 | 1 |
_aVisconti, Paula J. _97910 |
|
| 700 | 1 |
_aRitenour, E. Russell, _d1953- _97911 |
|
| 906 |
_a7 _bcbc _corignew _d1 _eecip _f20 _gy-gencatlg |
||
| 942 |
_2lcc _cSSLC |
||
| 999 |
_c13520 _d13520 |
||